Movies Quiz

Random Movies or Clickable Quiz

Awkward Star Wars Moments Quiz Stats

 Plays Quiz Updated May 4, 2015

Support Sporcle.
Go Orange.
Score 0/14 Timer 05:00
1 Play Today
% Correct
Princess Leia
95.5%
C-3PO
93.5%
Darth Vader
92.8%
Boba Fett
91.7%
Obi-Wan Kenobi
91%
Darth Maul
87.8%
Admiral Ackbar
86.8%
% Correct
Luke Skywalker
86.4%
Stormtrooper
86.1%
Greedo
85.9%
Emperor Palpatine
84.8%
Han Solo
83.6%
Count Dooku
75.7%
R2-D2
73.1%

You're not logged in!

Compare scores with friends on all Sporcle quizzes.
OR
Log In
Forgot?

From the Vault

'P' TV Character Match

by metashades

"Okay, the good news is we have a Wonder Woman."
Remove Ads.
Support Sporcle.
Get the best of Sporcle when you Go Orange. This ad-free experience offers more features, more stats, and more fun while also helping to support Sporcle. Thank you for becoming a member.

Show Comments

Extras

Top Quizzes Today


Score Distribution

Your Account Isn't Verified!

In order to create a playlist on Sporcle, you need to verify the email address you used during registration. Go to your Sporcle Settings to finish the process.

Report this User

Report this user for behavior that violates our Community Guidelines.

Details: